000 00922nam a2200253Ia 4500
008 130821s2002 mx a gr spa
020 _a9706862137
040 _aCo-BoUCM
_bspa
041 0 0 _aspa
100 1 _aViscencio Brambila, Héctor
_9159467
245 1 0 _aEconomía para la toma de decisiones
_cHéctor Viscencio Brambila.
260 _aMéxico D.F. (México)
_bThomson
_c2002
300 _axiii, 286 páginas
_bilustraciones, gráficas
490 0 _aEconómico administrativos
504 _aIncluye referencias bibliográficas e índice.
650 0 4 _aAdministración de empresas
_9435
650 0 4 _aCompetencia económica
_911259
650 0 4 _aDecisiones estadísticas
_912485
650 0 4 _aOferta y demanda
_920709
650 0 4 _aProducción (Teoría económica)
_922426
650 0 4 _aToma de decisiones
_925505
942 _cLIBRO
_a16
_e1
_mV822e
_2DEWEY
_h658.403
999 _c37668
_d37668